[Event "40th Olympiad Women"]
[Site "Istanbul TUR"]
[Date "2012.09.03"]
[Round "6.42"]
[Board "1"]
[White "Hallaeva, Bahar"]
[Black "Barria, Raisa"]
[Result "1-0"]
[WhiteTitle "WFM"]
[BlackTitle "WCM"]
[WhiteElo "2174"]
[BlackElo "1946"]
[WhiteTeam "Turkmenistan"]
[BlackTeam "Panama"]
[WhiteFideId "14000679"]
[BlackFideId "6600336"]
[EventDate "2012.08.28"]

1. e4 c5 2. c3 d5 3. exd5 Qxd5 4. d4 Nf6 5. Nf3 Nc6 6. Be2 g6 7. O-O cxd4 8.
cxd4 e6 9. Nc3 Qd8 10. Bb5 Bg7 11. Ne5 Bd7 12. Bg5 Qc7 13. Bxf6 Bxf6 14. Nxd7
Qxd7 15. d5 Bxc3 16. dxc6 bxc6 17. Qf3 Rc8 18. Qxc3 O-O 19. Rfd1 Qb7 20. Be2 c5
21. Rd2 Rfd8 22. Rad1 Rxd2 23. Rxd2 Qe4 24. a3 c4 25. h3 h5 26. Bxc4 g5 27. b3
g4 28. hxg4 hxg4 29. Rd4 Qb1+ 30. Kh2 Rc5 31. Rd8+ 1-0

[Event "40th Olympiad Women"]
[Site "Istanbul TUR"]
[Date "2012.09.03"]
[Round "6.42"]
[Board "2"]
[White "Gonzalez, Yaribeth"]
[Black "Isaeva, Aknyr"]
[Result "0-1"]
[WhiteTitle "WCM"]
[WhiteElo "1796"]
[BlackElo "2011"]
[WhiteTeam "Panama"]
[BlackTeam "Turkmenistan"]
[WhiteFideId "6600344"]
[BlackFideId "14000989"]
[EventDate "2012.08.28"]

1. e4 c5 2. Nf3 Nc6 3. d4 cxd4 4. Nxd4 g6 5. Nc3 Bg7 6. Be3 Nf6 7. f3 O-O 8. Qd2
d5 9. Nxc6 bxc6 10. e5 Nd7 11. Bh6 Bxh6 12. Qxh6 Nxe5 13. h4 f6 14. h5 g5 15.
Bd3 Rf7 16. O-O-O Rg7 17. Bg6 Qb6 18. Rhe1 Qc7 19. Rxe5 Qxe5 20. Bxh7+ Rxh7 21.
Qg6+ Rg7 22. Qe8+ Kh7 23. h6 Rg8 24. Qf7+ Kh8 25. h7 Rd8 26. Qh5 Qf4+ 27. Rd2
Qh4 28. Qxh4 gxh4 29. Rd4 h3 30. gxh3 Bxh3 31. Ne2 Bf5 32. Rh4 Bxh7 33. Nd4 c5
34. Ne6 Rg8 35. Nxc5 Rac8 36. Nd3 Rg1+ 0-1

[Event "40th Olympiad Women"]
[Site "Istanbul TUR"]
[Date "2012.09.03"]
[Round "6.42"]
[Board "3"]
[White "Atabayeva, Gozel"]
[Black "Arosemena, Betty"]
[Result "1-0"]
[WhiteTitle "WFM"]
[WhiteElo "2076"]
[BlackElo "1657"]
[WhiteTeam "Turkmenistan"]
[BlackTeam "Panama"]
[WhiteFideId "14001896"]
[BlackFideId "6600425"]
[EventDate "2012.08.28"]

1. e4 e5 2. d4 exd4 3. Qxd4 Nc6 4. Qe3 Bb4+ 5. Bd2 Bxd2+ 6. Nxd2 Nf6 7. O-O-O
O-O 8. f4 d6 9. h3 Re8 10. g4 a5 11. Qf3 Qe7 12. Bg2 a4 13. a3 Qe6 14. Kb1 Bd7
15. g5 Nd4 16. Qd3 Nh5 17. Qxd4 Nxf4 18. Bf3 c5 19. Qe3 Nd5 20. Qd3 Nf4 21. Qf1
Bc6 22. Bg4 Qe5 23. Ngf3 Qe7 24. Nh2 Ng6 25. Bf5 Nh4 26. Qf4 Nxf5 27. Qxf5 b5
28. Ng4 Bxe4 29. Nxe4 Qxe4 30. Qxe4 Rxe4 31. Rxd6 b4 32. Rhd1 Kf8 33. axb4 cxb4
34. R6d4 Rxd4 35. Rxd4 b3 36. cxb3 axb3 37. Rb4 1-0

[Event "40th Olympiad Women"]
[Site "Istanbul TUR"]
[Date "2012.09.03"]
[Round "6.43"]
[Board "1"]
[White "Hamid, Rani"]
[Black "Amoko, Ivy Claire"]
[Result "1-0"]
[WhiteTitle "WIM"]
[WhiteElo "1952"]
[BlackElo "1705"]
[WhiteTeam "Bangladesh"]
[BlackTeam "Uganda"]
[WhiteFideId "10200096"]
[BlackFideId "10000291"]
[EventDate "2012.08.28"]

1. e4 e6 2. d4 d5 3. Nc3 Bb4 4. e5 c5 5. a3 Bxc3+ 6. bxc3 Qa5 7. Bd2 Qa4 8. Nf3
Ne7 9. Bd3 Nbc6 10. dxc5 Qa5 11. O-O Qxc5 12. Re1 h6 13. a4 Na5 14. Nd4 Nc4 15.
Rb1 O-O 16. Nb5 b6 17. Be3 Nxe3 18. Rxe3 Ba6 19. Qg4 Kh8 20. Rg3 Ng6 21. h4 Rg8
22. Bxg6 fxg6 23. Nd4 Bc8 24. Qxg6 Qe7 25. Nf3 Bd7 26. Ng5 1-0

[Event "40th Olympiad Women"]
[Site "Istanbul TUR"]
[Date "2012.09.03"]
[Round "6.44"]
[Board "2"]
[White "Abarca Gonzalez, Damaris"]
[Black "Sabure, Ontiretse"]
[Result "1-0"]
[BlackTitle "WCM"]
[WhiteElo "2024"]
[BlackElo "1682"]
[WhiteTeam "Chile"]
[BlackTeam "Botswana"]
[WhiteFideId "3409414"]
[BlackFideId "11300701"]
[EventDate "2012.08.28"]

1. e4 e5 2. Nf3 Nc6 3. Bc4 Be7 4. O-O d6 5. h3 Na5 6. Be2 Nf6 7. Nc3 Nc6 8. d4
exd4 9. Nxd4 Nxd4 10. Qxd4 O-O 11. Be3 c6 12. Rad1 Nd7 13. Bf4 c5 14. Qd5 Nf6
15. Qd3 Qb6 16. b3 Rd8 17. Qg3 Be6 18. Bh6 Bf8 19. Bg5 Be7 20. Kh1 Qb4 21. f4
Re8 22. f5 Bd7 23. Bxf6 Bxf6 24. Nd5 Be5 25. Qh4 Qa5 26. f6 Qd8 27. Qg5 Bxf6 28.
Nxf6+ Kh8 29. Nxh7 Kxh7 30. Qh5+ Kg8 31. Qxf7+ Kh8 32. Rd5 Re5 33. Rxe5 dxe5 34.
Qh5+ Kg8 35. Bc4+ 1-0

[Event "40th Olympiad Women"]
[Site "Istanbul TUR"]
[Date "2012.09.03"]
[Round "6.44"]
[Board "3"]
[White "Francis, Onkemetse"]
[Black "Toro Pradenas, Maria Jose"]
[Result "0-1"]
[BlackTitle "WFM"]
[WhiteElo "1713"]
[BlackElo "2040"]
[WhiteTeam "Botswana"]
[BlackTeam "Chile"]
[WhiteFideId "11301287"]
[BlackFideId "3412610"]
[EventDate "2012.08.28"]

1. e4 c5 2. Nf3 e6 3. g3 d5 4. Qe2 dxe4 5. Qxe4 Nf6 6. Qe2 b6 7. Bg2 Bb7 8. d3
Nc6 9. Nbd2 Be7 10. O-O O-O 11. b3 Qc7 12. Bb2 Rfd8 13. Rfe1 Rac8 14. Qd1 Nd4
15. Rc1 Qb8 16. Nc4 Qa8 17. Ncd2 b5 18. c3 Nxf3+ 19. Nxf3 c4 20. d4 Bd5 21. Nh4
Qb7 22. Bxd5 Nxd5 23. Ng2 Qa6 24. Qd2 Qxa2 25. bxc4 Qxc4 26. Ra1 b4 27. Ne3 Nxe3
28. Rxe3 Ra8 29. Rc1 a5 30. cxb4 Qxb4 31. Qe2 Bf8 32. Bc3 Qb6 33. Re5 a4 34. h4
a3 35. h5 a2 36. Qe4 Qc7 37. Qe3 Rdc8 38. Kg2 Qxc3 39. Rxc3 a1=Q 40. Rxc8 Rxc8
41. g4 Qa8+ 42. Qf3 Qxf3+ 43. Kxf3 Rc3+ 44. Ke4 Rc1 45. Ra5 g6 46. hxg6 hxg6 47.
Ra4 Re1+ 48. Kd3 Bh6 49. Ra2 Rd1+ 50. Kc4 Bg7 51. Ra8+ Kh7 52. Rd8 Rd2 53. d5 0-1

[Event "40th Olympiad Women"]
[Site "Istanbul TUR"]
[Date "2012.09.03"]
[Round "6.44"]
[Board "4"]
[White "Larrachea Formas, Emilia"]
[Black "Leso, Gorata"]
[Result "1-0"]
[WhiteElo "2061"]
[BlackElo "1631"]
[WhiteTeam "Chile"]
[BlackTeam "Botswana"]
[WhiteFideId "3400727"]
[BlackFideId "11300442"]
[EventDate "2012.08.28"]

1. d4 d5 2. Nf3 Nf6 3. c4 e6 4. g3 Nbd7 5. Bg2 Be7 6. O-O O-O 7. Nbd2 c5 8. Qc2
dxc4 9. Nxc4 cxd4 10. Nxd4 Qc7 11. b3 Rb8 12. Nb5 Qc5 13. Ba3 Qxb5 14. Bxe7 Re8
15. Nd6 Qa6 16. Nxe8 Nxe8 17. Rfd1 f6 18. Rac1 b6 19. Bc6 Kf7 20. Bxd7 Kxe7 21.
Bxc8 1-0

[Event "40th Olympiad Women"]
[Site "Istanbul TUR"]
[Date "2012.09.03"]
[Round "6.45"]
[Board "1"]
[White "Smith, Olivia"]
[Black "Colombo, Camila"]
[Result "0-1"]
[WhiteTitle "WFM"]
[BlackTitle "WIM"]
[WhiteElo "2022"]
[BlackElo "2095"]
[WhiteTeam "Wales"]
[BlackTeam "Uruguay"]
[WhiteFideId "411850"]
[BlackFideId "3001822"]
[EventDate "2012.08.28"]

1. e4 e6 2. Nf3 d5 3. Nc3 d4 4. Ne2 c5 5. c3 Nc6 6. cxd4 Nf6 7. e5 Nd7 8. dxc5
Ndxe5 9. Nxe5 Nxe5 10. Nc3 Bxc5 11. Ne4 Be7 12. d4 Bb4+ 13. Nc3 Nc6 14. Bb5 Qd6
15. O-O Bxc3 16. Bxc6+ Qxc6 17. bxc3 O-O 18. Qd3 b6 19. Qg3 Kh8 20. h4 Ba6 21.
Re1 Rac8 22. Bd2 Qb5 23. a4 Qb2 24. Rad1 Qa2 25. h5 Qxa4 26. h6 Rg8 27. Bg5 f6
28. hxg7+ Kxg7 29. Bxf6+ Kf7 30. Qf4 Rg6 31. Bh4+ Kg8 32. Ra1 Qc6 33. Qe4 Qxe4
34. Rxe4 Bb7 35. Re3 Rxg2+ 36. Kf1 Rg7 37. Bg3 Bd5 38. Ke2 a5 39. Kd2 Ra8 40.
Be5 Rg6 41. Rg3 Rxg3 42. fxg3 a4 43. Bd6 b5 44. Ba3 Bc4 45. Bb4 Ra7 46. Ke3 Rf7
47. Re1 Kg7 48. Ra1 Bd5 49. Rg1 Kg6 50. Ke2 Rf3 51. Kd2 Bc4 52. Kc1 a3 53. Kb1
a2+ 54. Ka1 Kf5 55. Kb2 Rf2+ 56. Ka1 Rc2 57. g4+ Ke4 58. g5 Kf5 59. Ba5 Ke4 60.
Bb4 Kf3 61. Ba5 Kf2 62. Rh1 Kg2 63. Re1 Bd5 64. Bb4 Kf2 65. Rd1 Bf3 66. Rd3 Ke2 0-1

[Event "40th Olympiad Women"]
[Site "Istanbul TUR"]
[Date "2012.09.03"]
[Round "6.45"]
[Board "2"]
[White "Silva, Natalia"]
[Black "Blackburn, Suzie G."]
[Result "0-1"]
[BlackTitle "WFM"]
[WhiteElo "1918"]
[BlackElo "1967"]
[WhiteTeam "Uruguay"]
[BlackTeam "Wales"]
[WhiteFideId "3000575"]
[BlackFideId "414930"]
[EventDate "2012.08.28"]

1. f4 d5 2. g3 h5 3. Nf3 h4 4. Bg2 h3 5. Bf1 Nf6 6. d3 Bf5 7. Nc3 e6 8. e3 c5 9.
Qe2 Bg4 10. e4 Nc6 11. Qf2 d4 12. Nd1 Nb4 13. Ne5 Qa5 14. c3 Nc6 15. Be2 Bxe2
16. Qxe2 dxc3 17. bxc3 Nxe5 18. fxe5 Nd7 19. Bf4 Be7 20. Qd2 g5 21. Bxg5 Nxe5
22. Ke2 c4 23. d4 Nd3 24. e5 Qd5 25. Ne3 Bxg5 26. Nxd5 Bxd2 27. Nf6+ Ke7 28.
Kxd2 b5 29. Rab1 Rab8 30. Ng4 Rhg8 31. Ne3 Rgd8 32. Rhf1 Nxe5 33. Rf4 Ng6 34.
Re4 Kd6 35. Re1 Rb6 36. Nc2 Kc7 37. Ke2 Ra6 38. Ra1 f5 39. Re3 Ne7 40. Nb4 Rb6
41. Kf3 a5 42. Nc2 Nd5 43. a3 Nxe3 44. Nxe3 b4 45. axb4 axb4 46. cxb4 Rxd4 47.
Rb1 c3 48. Rc1 Rc6 49. Nc2 Rd2 50. g4 Rcd6 51. Ne1 Rc6 52. gxf5 exf5 53. Kg3 c2
54. Kxh3 Rd1 55. Rxc2 Rxe1 56. Rf2 Rg1 57. Rf4 Rh6+ 58. Rh4 Rxh4+ 59. Kxh4 Rg4+ 0-1

[Event "40th Olympiad Women"]
[Site "Istanbul TUR"]
[Date "2012.09.03"]
[Round "6.45"]
[Board "3"]
[White "Roberts, Lynda"]
[Black "de Leon, Patricia"]
[Result "0-1"]
[WhiteElo "1914"]
[BlackElo "1841"]
[WhiteTeam "Wales"]
[BlackTeam "Uruguay"]
[WhiteFideId "1800191"]
[BlackFideId "3000273"]
[EventDate "2012.08.28"]

1. f4 d5 2. Nf3 g6 3. g3 Bg7 4. Bg2 c6 5. O-O Qb6+ 6. d4 Nh6 7. e3 Nd7 8. Na3
Nf6 9. Qe1 Nf5 10. c3 Nd6 11. Ne5 O-O 12. h3 Qc7 13. g4 e6 14. Bd2 Nfe4 15. h4
f6 16. Nf3 Qe7 17. Rc1 e5 18. Nh2 Be6 19. Bf3 Rae8 20. Kg2 b6 21. Rh1 c5 22. Nf1
exf4 23. exf4 cxd4 24. cxd4 f5 25. gxf5 Bxf5 26. Bb4 Bxd4 27. Rd1 Qf6 28. Ng3
Rf7 29. Bxd6 Nxd6 30. Qb4 Bc5 31. Qd2 Be4 32. b4 Bxf3+ 33. Kxf3 Re3+ 34. Kg2
Qxf4 35. Rh3 Bxb4 36. Qxd5 Qf2+ 37. Kh1 Re1+ 38. Rxe1 Qxe1+ 0-1

[Event "40th Olympiad Women"]
[Site "Istanbul TUR"]
[Date "2012.09.03"]
[Round "6.45"]
[Board "4"]
[White "Costa, Anaclara"]
[Black "Wang, Alyssa"]
[Result "0-1"]
[WhiteElo "1673"]
[BlackElo "1541"]
[WhiteTeam "Uruguay"]
[BlackTeam "Wales"]
[WhiteFideId "3005666"]
[BlackFideId "1802267"]
[EventDate "2012.08.28"]

1. d4 d5 2. c4 c6 3. Nf3 Nf6 4. Nc3 e6 5. cxd5 exd5 6. Qc2 Bd6 7. Bg5 Nbd7 8. e3
O-O 9. Bd3 h6 10. Bh4 Re8 11. O-O Be7 12. Rab1 a5 13. a3 Ne4 14. Bxe7 Qxe7 15.
Rfc1 Ndf6 16. Ne5 Nxc3 17. Qxc3 a4 18. b4 axb3 19. Rxb3 Ne4 20. Qb2 f6 21. Nf3
Ra7 22. Rb4 Bg4 23. Ne1 Be6 24. a4 Rea8 25. Ra1 b5 26. Bc2 Bd7 27. Rb1 Nd2 28.
Bh7+ Kxh7 29. Qxd2 Rxa4 30. R4b2 Kh8 31. Rc1 Rc4 32. Nd3 Rxc1+ 33. Nxc1 Ra4 34.
h3 Qd8 35. Nd3 Qa5 36. Qe2 Be8 37. Nc5 Rc4 38. Kh2 b4 39. Qg4 Qc7+ 40. g3 Bf7
41. Nd3 Qa5 42. Qc8+ Kh7 43. Qf8 Qa3 44. Qxf7 Qxd3 45. h4 Rc2 46. Rxc2 Qxc2 0-1

[Event "40th Olympiad Women"]
[Site "Istanbul TUR"]
[Date "2012.09.03"]
[Round "6.46"]
[Board "1"]
[White "Samaganova, Alexandra"]
[Black "Al-Rufaye, Iman Hasan Mohammed"]
[Result "0-1"]
[BlackTitle "WIM"]
[WhiteElo "2057"]
[BlackElo "2171"]
[WhiteTeam "Kyrgyzstan"]
[BlackTeam "Iraq"]
[WhiteFideId "13800221"]
[BlackFideId "4801067"]
[EventDate "2012.08.28"]

1. Nf3 d5 2. b4 e6 3. Bb2 Nf6 4. a3 c5 5. bxc5 Bxc5 6. e3 O-O 7. Be2 Nc6 8. d4
Bd6 9. O-O Ne4 10. Nbd2 f5 11. Ne5 g5 12. Nd3 Qc7 13. f4 b6 14. g3 Ba6 15. Nxe4
dxe4 16. Nc1 Bxe2 17. Nxe2 Na5 18. c3 Nc4 19. Bc1 g4 20. Qb3 Rac8 21. Rd1 Qf7
22. Qb5 Qe7 23. a4 Rfd8 24. Qb3 Qc7 25. Rb1 Be7 26. Rf1 Rd5 27. Qa2 a6 28. Bd2
Ra5 29. Ra1 b5 30. Qc2 bxa4 31. Rfb1 a3 32. Rb3 Rb5 33. Rab1 Qc6 34. Nc1 Rcb8
35. Kf2 Nb2 36. Rxb5 axb5 37. Qb3 Qc4 38. Kg2 Bd6 39. Ra1 Kf7 40. Qa2 Nd3 41.
Qc2 b4 42. Rb1 Nxc1 43. Qxc1 b3 44. Qd1 b2 45. Qc2 a2 0-1

[Event "40th Olympiad Women"]
[Site "Istanbul TUR"]
[Date "2012.09.03"]
[Round "6.46"]
[Board "2"]
[White "Jalaluldeen, Kareen Kamal J."]
[Black "Omurbekova, Diana"]
[Result "0-1"]
[WhiteTitle "WFM"]
[WhiteElo "1779"]
[BlackElo "1697"]
[WhiteTeam "Iraq"]
[BlackTeam "Kyrgyzstan"]
[WhiteFideId "4801776"]
[BlackFideId "13800752"]
[EventDate "2012.08.28"]

1. d4 d5 2. c4 e6 3. Nc3 Nf6 4. Bg5 Nbd7 5. Nf3 c6 6. e3 Qa5 7. Nd2 Bb4 8. Qc2
Ne4 9. Ndxe4 dxe4 10. Bf4 Nb6 11. a3 Bxc3+ 12. bxc3 Qa4 13. Qxe4 Nxc4 14. Bxc4
Qxc4 15. Rc1 O-O 16. Qf3 Rd8 17. Qg3 f6 18. Bd6 Rd7 19. h4 b6 20. Bf4 e5 21.
dxe5 Qd3 22. e4 Qxe4+ 23. Qe3 Qxg2 24. Rh2 Qg6 25. h5 Qd3 26. exf6 Qxe3+ 27.
Bxe3 gxf6 28. Rg2+ Rg7 29. Rxg7+ Kxg7 30. f3 Be6 31. Rd1 Bd5 32. Kf2 Rg8 33.
Rg1+ Kf7 34. Rxg8 Kxg8 35. Bd4 Kf7 36. Kg3 Ke6 37. Kg4 Bb3 38. Kg3 c5 39. Be3
Bc2 40. Kf4 Kd5 41. Kg3 Kc4 42. Bf4 b5 43. Bb8 Kxc3 44. Bxa7 c4 45. Bc5 Kb2 46.
f4 Bd1 47. h6 c3 48. Bd4 Kb3 49. Be3 Kxa3 50. Kf2 b4 51. Ke1 Bg4 0-1

[Event "40th Olympiad Women"]
[Site "Istanbul TUR"]
[Date "2012.09.03"]
[Round "6.46"]
[Board "3"]
[White "Tilenbaev, Baktygul"]
[Black "Al-Khalidi, Aisha Ali Ahmed"]
[Result "1-0"]
[WhiteElo "1940"]
[BlackElo "1597"]
[WhiteTeam "Kyrgyzstan"]
[BlackTeam "Iraq"]
[WhiteFideId "13800639"]
[BlackFideId "4806042"]
[EventDate "2012.08.28"]

1. e4 d5 2. exd5 Nf6 3. Bb5+ Bd7 4. Bc4 Bg4 5. f3 Bc8 6. Nc3 Nbd7 7. Qe2 Nb6 8.
Bb5+ Bd7 9. Qe5 Bxb5 10. Nxb5 Nfxd5 11. c4 Nb4 12. Nxc7+ Kd7 13. Qb5+ Kxc7 14.
Qxb4 e6 15. Qc3 Rc8 16. d3 Kb8 17. Bf4+ Ka8 18. Qb3 Bc5 19. Ne2 g5 20. Bg3 Be3
21. Bf2 Bxf2+ 22. Kxf2 Qd6 23. Rac1 Rhd8 24. d4 Qe7 25. Rhd1 h5 26. a4 f5 27. a5
Nd7 28. Qa4 g4 29. f4 Nf6 30. Kg1 h4 31. c5 Nd5 32. a6 Rb8 33. axb7+ Rxb7 34. c6
Rxb2 35. Nc3 Nxf4 36. Rc2 Rdb8 37. Rxb2 Rxb2 38. Nb5 Rxb5 39. Qxb5 Ne2+ 40. Qxe2 1-0

[Event "40th Olympiad Women"]
[Site "Istanbul TUR"]
[Date "2012.09.03"]
[Round "6.46"]
[Board "4"]
[White "Abdulzahra, Sali Abbas"]
[Black "Alymbay, Kyzy Aizhan"]
[Result "0-1"]
[WhiteTitle "WFM"]
[WhiteElo "1638"]
[BlackElo "1810"]
[WhiteTeam "Iraq"]
[BlackTeam "Kyrgyzstan"]
[WhiteFideId "4804929"]
[BlackFideId "13800043"]
[EventDate "2012.08.28"]

1. e4 c5 2. Nf3 e6 3. c3 Nf6 4. d3 Nc6 5. Bg5 Be7 6. Be2 O-O 7. O-O Qc7 8. Nbd2
d5 9. exd5 exd5 10. Rc1 Bf5 11. d4 c4 12. b3 Ba3 13. bxc4 Bxc1 14. Qxc1 Rfe8 15.
cxd5 Rxe2 16. dxc6 Qxc6 17. Ne5 Qa6 18. c4 Ne4 19. Qd1 Nc3 20. Qb3 Ne4 21. Qd1
Nc3 22. Qb3 Rxd2 23. Bxd2 Ne2+ 24. Kh1 Nxd4 25. Qb2 Rd8 26. Bc3 Qd6 27. Bxd4
Qxd4 28. Qxd4 Rxd4 29. Re1 f6 30. Nf3 Rxc4 31. h3 Kf7 32. Kg1 Ra4 33. Re2 Be6
34. Rc2 b6 35. Rc7+ Kf8 36. g4 Rxa2 37. g5 Bd5 38. Rc3 fxg5 39. Nxg5 h6 40. Rc8+
Ke7 41. Nh7 Be6 42. Rc7+ Bd7 43. Nf8 Kxf8 44. Rxd7 b5 45. Rb7 a6 46. Kg2 Ra4 47.
Kg3 b4 48. f3 a5 49. h4 h5 50. Rb8+ Kf7 51. Rb7+ Kg6 52. Rb6+ Kh7 53. Kf4 b3+
54. Kg5 Rb4 0-1

[Event "40th Olympiad Women"]
[Site "Istanbul TUR"]
[Date "2012.09.03"]
[Round "6.47"]
[Board "3"]
[White "Masiyazi, Rhoda"]
[Black "Akintola, Olufunmilayo"]
[Result "1-0"]
[WhiteElo "2005"]
[BlackElo "1747"]
[WhiteTeam "Zimbabwe"]
[BlackTeam "Nigeria"]
[WhiteFideId "11000090"]
[BlackFideId "8500886"]
[EventDate "2012.08.28"]

1. f4 d5 2. Nf3 Nf6 3. d3 e6 4. e3 Bd7 5. Be2 Be7 6. O-O O-O 7. Nc3 c5 8. Bd2
Nc6 9. a3 Rc8 10. h3 d4 11. exd4 Nxd4 12. Ne5 Bc6 13. Nxc6 Rxc6 14. Bf3 Nxf3+
15. Qxf3 c4 16. d4 Bc5 17. Rfd1 Bxd4+ 18. Kh1 Bxc3 19. Bxc3 Qe7 20. Bb4 Qc7 21.
Bxf8 Kxf8 22. c3 Rc5 23. Rd4 Rd5 24. Rad1 g6 25. Rxd5 Nxd5 26. Rd4 b5 27. g3 Qe7
28. h4 Qf6 29. Rxd5 exd5 30. Qxd5 a6 31. Kg2 Qe6 32. Qe5 Qxe5 33. fxe5 Ke7 34.
Kf3 Ke6 35. Ke4 h6 36. g4 a5 37. Kd4 g5 38. h5 a4 39. Ke4 f6 40. exf6 Kxf6 41.
Kd5 Kf7 42. Ke5 Ke7 43. Kd5 Kd7 44. Kc5 Ke6 45. Kxb5 Ke5 46. Kxc4 Kf4 47. Kb4
Kxg4 48. c4 Kxh5 49. c5 g4 50. c6 g3 51. c7 g2 52. c8=Q g1=Q 53. Kxa4 Qd4+ 54.
b4 Qa7+ 55. Kb3 Qe3+ 56. Qc3 Qe6+ 57. Kb2 Qe2+ 58. Kb1 Qd1+ 59. Kb2 Qe2+ 60. Kc1
Qf1+ 61. Kc2 Qe2+ 62. Qd2 Qe4+ 63. Qd3 Qg2+ 64. Kc3 Qg7+ 65. Kc4 Qc7+ 66. Kb3
Qf7+ 67. Qc4 Qf3+ 68. Ka4 Qa8+ 69. Kb3 Qf3+ 70. Qc3 Qd5+ 71. Kb2 Qg2+ 72. Kb1
Qf1+ 73. Ka2 Qe2+ 74. Kb3 Qd1+ 75. Kc4 Qf1+ 76. Kd5 Qf7+ 77. Kd6 Qf8+ 78. Kc7
Qf4+ 79. Kb7 Qf7+ 80. Kb6 Qe6+ 81. Qc6 Qb3 82. b5 Kg5 83. Qc5+ Kg4 84. Qb4+ Qxb4
85. axb4 h5 86. Ka6 h4 87. b6 h3 88. b7 h2 89. b8=Q h1=Q 90. Qg8+ Kf4 91. Qf7+
Ke5 92. Qe7+ Kd4 93. Qc5+ Kd3 94. b5 Qa1+ 95. Kb7 Qh1+ 96. Qc6 Qh7+ 97. Ka6 Kd4
98. b6 Qd3+ 99. Kb7 Qh7+ 100. Qc7 Qh1+ 101. Kb8 Qh8+ 102. Ka7 Kd5 103. Kb7 Qb2
104. Qc6+ Ke5 105. Kb8 Kf5 106. Qd7+ Kg6 107. Qd6+ Kf7 108. Qd7+ Kf8 109. b7
Qe5+ 110. Qc7 Qe4 111. Qd8+ Kf7 1-0

[Event "40th Olympiad Women"]
[Site "Istanbul TUR"]
[Date "2012.09.03"]
[Round "6.48"]
[Board "1"]
[White "Taweesupmun, Chanida"]
[Black "Vazquez Maccarini, Danitza"]
[Result "1/2-1/2"]
[BlackTitle "WFM"]
[WhiteElo "1834"]
[BlackElo "1916"]
[WhiteTeam "Thailand"]
[BlackTeam "Puerto Rico"]
[WhiteFideId "6200117"]
[BlackFideId "3101193"]
[EventDate "2012.08.28"]

1. d4 d5 2. c4 c6 3. Nf3 e6 4. Nc3 Be7 5. e3 Nf6 6. Bd3 dxc4 7. Bxc4 b5 8. Bd3
a6 9. Qc2 Bb7 10. Ne4 Nbd7 11. Bd2 Rc8 12. b4 Nxe4 13. Bxe4 Nf6 14. Bd3 O-O 15.
e4 h6 16. O-O Qd7 17. a3 Rfd8 18. Be3 c5 19. Ne5 Qc7 20. bxc5 Qb8 21. f4 Qa8 22.
f5 exf5 23. Rxf5 Bxe4 24. Bxe4 Qxe4 25. Qxe4 Nxe4 26. Rxf7 Bf6 27. Ra7 Bxe5 28.
dxe5 Nxc5 29. Bxc5 Rxc5 30. e6 Re5 31. Rxa6 Re8 32. Rb1 R8xe6 33. Rxe6 Rxe6 34.
Rxb5 Re2 35. h3 Ra2 36. Ra5 Kf7 37. Kh2 Kg6 38. Kg3 h5 39. h4 Kf6 40. Kf3 g6 41.
g3 Kg7 42. Kf4 Kh6 43. Ra7 Rf2+ 44. Ke3 Rg2 45. Kf3 Ra2 46. a4 Ra1 47. a5 Ra4
48. a6 g5 49. hxg5+ Kxg5 50. Ra8 Kh6 51. a7 Kg7 52. Ke3 Kh7 53. Kd3 Kg7 54. Kc3
Ra1 55. Kd4 Rd1+ 56. Ke5 Re1+ 57. Kf5 Ra1 58. Kg5 Ra5+ 59. Kh4 Kh7 60. Rf8 Rxa7
61. Rf5 Kg6 62. Rg5+ Kh6 63. Rxh5+ Kg6 64. Rd5 Ra4+ 65. g4 Ra6 66. Rd4 Rb6 67.
Re4 Ra6 68. Kg3 Rf6 69. Re5 Ra6 70. Kf4 Ra4+ 71. Re4 Rxe4+ 72. Kxe4 Kg5 73. Kf3
Kg6 74. Kf4 Kf6 75. g5+ Kg7 76. Kg4 Kg6 77. Kh4 Kg7 78. Kh5 Kh7 79. g6+ Kg8 80.
Kg5 Kg7 1/2-1/2

[Event "40th Olympiad Women"]
[Site "Istanbul TUR"]
[Date "2012.09.03"]
[Round "6.48"]
[Board "4"]
[White "Vega Jimenez, Keyshla M"]
[Black "Atthaworadej, Worasuda"]
[Result "1-0"]
[WhiteElo "1654"]
[BlackElo "1638"]
[WhiteTeam "Puerto Rico"]
[BlackTeam "Thailand"]
[WhiteFideId "3101851"]
[BlackFideId "6201563"]
[EventDate "2012.08.28"]

1. e4 c5 2. Nf3 g6 3. d4 cxd4 4. Qxd4 Nf6 5. e5 Nc6 6. Qf4 Nd5 7. Qe4 Nb6 8. Nc3
Bg7 9. Bf4 O-O 10. O-O-O f6 11. e6 d6 12. h4 f5 13. Qe3 Nb4 14. Be5 Bxe5 15.
Nxe5 Bxe6 16. Nxg6 hxg6 17. Qxe6+ Kg7 18. h5 Rf6 19. Qe3 Qc7 20. hxg6 Rxg6 21.
Qd4+ Kf7 22. Rh7+ Ke8 23. Qxb4 Qc5 24. Bb5+ Kf8 25. Qh4 Qe5 26. Rh1 a6 27. Bd3
Qf6 28. Rh8+ Rg8 29. Qxf6+ exf6 30. Rxg8+ Kxg8 31. Bxf5 Re8 32. Rh7 Nc4 33. Ne4
Rf8 34. Rxb7 d5 35. Be6+ Kh8 36. Bxd5 Ne5 37. f4 Ng6 38. Rf7 Rxf7 39. Bxf7 Nxf4
40. g4 Kg7 41. Bc4 a5 42. Kd2 Ng6 43. c3 Ne5 44. Be2 Kf7 45. b4 axb4 46. cxb4
Ke6 47. b5 Nd7 48. a4 Kd5 49. g5 fxg5 50. Nxg5 Kc5 51. Kc3 Nb8 52. a5 Nd7 53.
Nf3 Nb8 54. Ne5 Kd5 55. a6 Kxe5 56. a7 1-0

[Event "40th Olympiad Women"]
[Site "Istanbul TUR"]
[Date "2012.09.03"]
[Round "6.49"]
[Board "1"]
[White "Lowry-O'Reilly, Hannah"]
[Black "Jalloul, Maya M."]
[Result "0-1"]
[WhiteTitle "WFM"]
[BlackTitle "WFM"]
[WhiteElo "1818"]
[BlackElo "1923"]
[WhiteTeam "Ireland"]
[BlackTeam "Lebanon"]
[WhiteFideId "2501597"]
[BlackFideId "5300800"]
[EventDate "2012.08.28"]

1. d4 Nf6 2. c4 g6 3. Nc3 Bg7 4. e4 d6 5. f3 a6 6. Be3 Nfd7 7. Qd2 c5 8. d5 h6
9. Nh3 Qa5 10. Nd1 Qxd2+ 11. Bxd2 Ne5 12. Nhf2 g5 13. Rc1 Nbd7 14. b3 b5 15. Ne3
b4 16. Be2 a5 17. O-O Nb6 18. Nf5 Bxf5 19. exf5 a4 20. Bd1 axb3 21. axb3 Ra2 22.
Rc2 Ra3 23. Rc1 O-O 24. f4 gxf4 25. Bxf4 Rfa8 26. h3 Ra2 27. Rc2 Ra1 28. Rc1
R1a2 29. Rc2 Ra1 30. Rc1 Rxc1 31. Bxc1 Ra1 32. Bf4 Rb1 33. Bc2 Rb2 34. Bd1 Nbd7
35. g4 Nb6 36. Kh1 Kf8 37. Bxe5 Bxe5 38. Nd3 Rh2+ 39. Kg1 Rxh3 40. Rf3 Bd4+ 41.
Kg2 Rxf3 42. Kxf3 Kg7 43. Be2 Nd7 44. Ke4 Bc3 45. Kf4 Kf6 46. Bd1 Bd2+ 47. Kg3
Kg5 48. Be2 Nf6 49. Bf3 h5 50. gxh5 Kxf5 51. Kh4 Bg5+ 52. Kg3 Bh6 53. Kh4 Bg5+
54. Kh3 Ne4 55. Bg4+ Kf6 56. Bf3 Nd2 57. Bd1 Kf5 58. Nf2 Nf1 59. Ng4 Ne3 60.
Nxe3+ Bxe3 61. Kg3 Ke4 62. Kg4 Kd3 63. Kf5 Kd2 64. Bf3 Kc2 65. Ke4 Bh6 66. Bg4
Kxb3 67. Kd3 Ka2 68. Kc2 b3+ 69. Kc3 b2 70. Bf5 b1=Q 71. Bxb1+ Kxb1 0-1

[Event "40th Olympiad Women"]
[Site "Istanbul TUR"]
[Date "2012.09.03"]
[Round "6.50"]
[Board "2"]
[White "Amal, Gameel"]
[Black "Tsoi, Nicole"]
[Result "0-1"]
[BlackTitle "WFM"]
[WhiteElo "1753"]
[BlackElo "1786"]
[WhiteTeam "Yemen"]
[BlackTeam "New Zealand"]
[WhiteFideId "9400710"]
[BlackFideId "4302605"]
[EventDate "2012.08.28"]

1. e4 e6 2. d4 d5 3. exd5 exd5 4. Bd3 Nf6 5. Nc3 Bb4 6. Ne2 O-O 7. Bg5 Nc6 8.
O-O Bxc3 9. Nxc3 Nb4 10. Re1 h6 11. Bh4 c6 12. a3 Nxd3 13. Qxd3 Qd6 14. Re5 Ng4
15. Be7 Nxe5 16. Bxf8 Nxd3 17. Bxd6 Nxb2 18. Re1 Bf5 19. Bg3 Nc4 20. Re7 b6 21.
Rc7 Na5 22. Bd6 Bxc2 23. Bb4 Nb3 24. Rxc6 Nxd4 25. Rc7 Ne6 26. Rd7 d4 27. Ne2 d3
28. Nc1 a5 29. Be7 Re8 30. Bh4 Nc5 0-1